banner-ar

تاريخ نابليون بونابرت 1769 - 1821 / (Record no. 45193)

MARC details
000 -الفاتح
حقل البيانات ثابتة الطول 00564nam a2200181Ia 4500
008 - عناصر البيانات ثابتة الطول - معلومات عامة
حقل البيانات ثابتة الطول 140319s9999 xx 000 0 ara d
040 ## - مصدر الفهرسة
وكالة الفهرسة الأصلية GCL /
وكالة النسخ GCL
082 04 - رقم تصنيف ديوى العشرى
رقم التصنيف 923.1
رقم المادة ا ت
100 1# - المدخل الرئيسى - إسم شخصى
الإسم الشخصى الياس ابو شبكة
245 10 - بيان العنوان
العنوان تاريخ نابليون بونابرت 1769 - 1821 /
بيان المسئوليه,etc الياس ابو شبكة
300 ## - الوصف المادى
التعداد 415 ص
490 ## - بيان السلسلة
عنوان السلسلة
650 04 - المدخل الاضافى بالموضوع-مصطلح موضوعى
مصطلح موضوعي بونابرت , نابليون
650 04 - المدخل الاضافى بالموضوع-مصطلح موضوعى
مصطلح موضوعي الثورة الفرنسية (1789 - 1804م)
650 04 - المدخل الاضافى بالموضوع-مصطلح موضوعى
مصطلح موضوعي فرنسا , تاريخ , العصر الحديث
942 ## - عناصر المدخل الإضافي( كوها)
مصدر التصنيف او مخطط الترفيف Dewey Decimal Classification
Koha [default] item type كتاب
Holdings
حالة التراجع حالة الفقد حالة تلف ليس للاعارة المكان المؤقت الموقع الحالى تاريخ الاكتساب اجمالي اﻻعارات رقم الطلب الباركود تاريخ اخر مشاهدة تاريخ تفعيل السعر نوع وعاء كوها
        مكتبة القاهرة الكبرى مكتبة القاهرة الكبرى 03/26/2014   923.1\ا ت 110290 03/26/2014 03/26/2014 كتاب
        مكتبة القاهرة الكبرى مكتبة القاهرة الكبرى 03/26/2014   923.1\ا ت 110291 03/26/2014 03/26/2014 كتاب
        مكتبة القاهرة الكبرى مكتبة القاهرة الكبرى 03/26/2014   923.1\ا ت 110292 03/26/2014 03/26/2014 كتاب

Powered By

EGPV